00402nam a2200133Ia 4500003000400000005001700004008004100021040000900062082001500071100002000086245011300106260004000219300000900259OSt20200623101720.0190216s9999||||xx |||||||||||||| ||und|| coclc a954bSIN/M aSingh, Arvind K 0aMaterial Culture Of Gangetic Plains During First Millennium B.C:b An Archaeological Study /cArvind K Singh bKala Prakashan , c2000.aVaranasi: a224p